00573nam a2200157 a 450000100100000000500170001000800410002704000250006811000210009324000200011424500780013426000610021230000200027395201050029399900170039800004328520201002040805.0140304s1975 ve 000 0 spa d aDO-SdBNPbspacBNPHU2 aVenezuela91980410aConstitución.10aConstitución de la República de Venezuela :bcon la enmienda no. 1 /. aCaracas, Venezuela :bCongreso de la República,c1975. a87 p. ;c22 cm. 001050718MOaGRbGRcCTd2014-03-04iLF1l0o p43285-10r2020-06-25w2020-06-25y1ZNo se presta c42774d42774